000 00377 a2200145 4500
001 164793
020 _a
040 _cMagnum
100 _aBarbosa, Claudio L. de Alvarenga
240 1 0 _aEducacao fisica escolar: da alienacao a libertacao
_lpor
245 1 0 _aEducacao fisica escolar: da alienacao a libertacao
362 0 _a1899
697 _aEDUCACAO FISICA
942 _cBK
999 _c164793
_d164793